Statistiken für Tokio Trivia

Klicken Sie hier um das Quiz zu spielen!

Allgemein

  • Dieses Quiz wurde 843 mal gespielt
  • Das Durchschnittsergebnis liegt bei 11 aus 18

Antwortstatistiken

HinweisAntwort% Korrekt
Welche Hauptstadt liegt Tokio am nächsten?Seoul
90%
Welcher Vorort, mit Y beginnend, ist die zweitbevölkerungsreichste Stadt Japans?Yokohama
80%
Was tötete 1945 etwa 100'000 Einwohner Tokios?Luftangriffe
78%
Von welchem Ereignis war Tokio 1964 und 2021 (2020) Gastgeber?Olymp. Sommerspiele
78%
Welches Wahrzeichen wird in diesem Emoji wiedergegeben: ?Tokyo {Tower}
77%
Welches Film-Monster von 1954 entstieg der Tokioter Bucht um die Stadt zu attackieren?Godzilla
73%
Früherer Name TokiosEdo
72%
Was tötete mehr als 105'000 Menschen in der Region Tokio im Jahre 1923?Erdbeben
71%
Tokio wurde 1868 zur Haupstadt Japans. Welche Stadt war zuvor die Hauptstadt?Kyōto
70%
Der Tsukiji-Markt ist der größte seiner Art. Was wird hauptsächlich verkauft?Fisch / Meeresfrüchte
69%
Japan besteht aus vier Hauptinseln. Auch welcher dieser vier liegt Tokio?Honshū
67%
Welcher Sport wird von den Yomiuri Giants und den Tokyo Yakult Swallows gespielt?Baseball
64%
Welcher Kulinarikführer hat Tokioter Restaurants mehr als 300 "Sterne" vergeben",
bei weitem die meisten aller bewerteten Städte?
Guide Michelin
59%
In welcher Region liegt Tokio?
(Hinweis: Pokémon-Fans sollte der Name bekannt sein)
Kantō
35%
Tokio wird auf Japanisch 東京 geschrieben. Was bedeuten diese Zeichen auf Deutsch?Östliche {Hauptstadt}
34%
Nennen Sie einen der beiden großen Tokioter FlughäfenNarita oder Haneda
32%
Welches Tokioter Wahrzeichen, 2012 eröffnet, ist das zweithöchste Bauwerk der Erde?Tokyo {Skytree}
25%
Wer war Kaiser zum Zeitpunkt des Hauptstadtwechsels?
(Hinweis: ein Süßwarenhersteller wurde nach ihm benannt)
Meiji
15%

Verteilung der Resultate

Perzentil nach korrekt beantworteten Fragen

Anzahl Personen mit jedem Resultat

Ihre Resultats-Entwicklung

Sie haben dieses Quiz noch nicht gespielt